Evicción y vicios redhibitorios : vicios redhibitorios : parte general /
La obra consta de tres volúmenes. En ellos, el autor aborda el estudio de dos figuras jurídicas del derecho civil que surgen con motivo de la celebración de una relación contractual entre las partes contratantes. Ambas figuras (evicción y vicios redhibitorios) se pueden hacer valer mediante un proce...
Guardado en:
| Hovedforfatter: | |
|---|---|
| Format: | Bog |
| Sprog: | spansk |
| Udgivet: |
Buenos Aires, Argentina :
Astrea,
2001, c2001
|
| Fag: | |
| Tags: |
Ingen Tags, Vær først til at tagge denne postø!
|
MARC
| LEADER | 00000nam^a2200000^a^4500 | ||
|---|---|---|---|
| 001 | 000157612 | ||
| 005 | 20250521000000.0 | ||
| 009 | 20260310100546.029 | ||
| 020 | |a 950-508-569-9 | ||
| 037 | |a Acervo ITESO - Biblioteca | ||
| 041 | |a ESP | ||
| 082 | |a 346. 82022 |b WAY V. 3 | ||
| 100 | |a Wayar, Ernesto C. |e (autor) | ||
| 240 | 1 | 1 | |a [Evicción y vicios redhibitorios] |
| 245 | 1 | 0 | |a Evicción y vicios redhibitorios : |b vicios redhibitorios : parte general / |c E.C. Wayar. |
| 264 | 4 | |a Buenos Aires, Argentina : |b Astrea, |c 2001, c2001 | |
| 300 | |a XXIII, 316 p. | ||
| 336 | |a texto |b txt |2 rdacontenido | ||
| 337 | |a sin mediación |b n |2 rdamedio | ||
| 338 | |a volumen |b nc |2 rdasoporte | ||
| 520 | |a La obra consta de tres volúmenes. En ellos, el autor aborda el estudio de dos figuras jurídicas del derecho civil que surgen con motivo de la celebración de una relación contractual entre las partes contratantes. Ambas figuras (evicción y vicios redhibitorios) se pueden hacer valer mediante un procedimiento judicial. Contenido del volumen tres: Método expositivo; Los vicios redhibitorios en el código civil. Compraventa; Locación de cosas; Locación de obra; Sociedad, donación, mutuo, comodato y contrato oneroso de renta vitalicia; Teoría de las garantías y de los vicios redhibitorios la ley de defensa del consumidor. Derecho del consumidor; Teoría de las garantías en la relación de consumo; Las garantías en particular. | ||
| 649 | |a XX | ||
| 650 | |a Consentimiento (Derecho) | ||
| 650 | |a Cosas (Derecho) | ||
| 650 | |||
| 650 | |a Simulación (Derecho) | ||
| 650 | |a Cumplimiento (Derecho) | ||
| 650 | |a Responsabilidad (Derecho) | ||
| 650 | |a Protección del Consumidor - |z Argentina - |x Aspectos Jurídicos | ||
| 650 | |a Contratos - |z Argentina | ||
| 650 | |a Derecho de Crédito o de las Obligaciones - |z Argentina | ||
| 650 | |a Acciones y Defensas - |z Argentina | ||
| 650 | |a Derecho Civil - |z Argentina | ||
| 650 | |a Derecho Privado - |z Argentina | ||
| 650 | |a Derecho Positivo - |z Argentina | ||
| 910 | |a Fondo General | ||
| 920 | |a Impresos - Libros | ||
| 930 | |a Colección General | ||
| 905 | |a 101 | ||
| 901 | |a 0500086922 |b IT1 |c ACC |u 20250521 | ||
| 902 | |a https://opac.biblio.iteso.mx/vufind/Record/000157612 | ||